| 000 | 02035nam a2200253Ia 4500 | ||
|---|---|---|---|
| 003 | Ost | ||
| 005 | 20260507075612.0 | ||
| 008 | 260507s9999||||xx |||||||||||||| ||und|| | ||
| 020 | _a977512508 | ||
| 040 | _cfsecg | ||
| 041 | _aara | ||
| 082 | _a658.15 | ||
| 100 |
_aهندي، منير ابراهيم _eمؤلف |
||
| 245 | 0 |
_aالإدارة المالية : _bمدخل تحليلي معاصر / _c منير ابراهيم هندي |
|
| 250 | _aطبعة 4 | ||
| 260 |
_aالاسكندرية: _bالمكتب العربي الحديث, _c2000 |
||
| 300 |
_a781 صفحة؛ _bإيضاحات ؛ _c24 سم |
||
| 504 | _aالمراجع ص.773 الملاحق ص.770 | ||
| 520 | _aالوظيفة المالية، التخطيط المالي والرقابة، التحليل المالي باستخدام القوائم، التحليل المالي باستخدام النسب، مشاكل خاصة بالتحليل المالي، التنبؤ المالي، ادارة رأس المال العامل، القرارات الأساسية المحددة لهيكل رأس المال العامل، ادارة النقدية والاستثمارات المؤقتة، ادارة الذمم، ادارة المخزون السلعي، تخطيط الاستثمارات الرأسمالية، تقييم الاستثمارية بالطرق التي تتجاهل فكرة القيمة الزمنية للنقود، تقييم الاقتراحات الاستثمارية ذات المخاطر المتباينة، الهيكل المالي وأثره على تكلفة الأموال وقيمة المنشأة، تكلفة الأموال، قرارات اختيار الهيكل المالي للمنشأة، تأثير الهيكل المالي على قيمة المنشأة، سياسات التوزيع وأثرها على قيمة المنشأة، تفاعل قرارات التمويل وقرارات الاستثمار | ||
| 653 | _aالتخطيط | ||
| 653 | _aالرقابة | ||
| 653 | _aرأس المال | ||
| 942 | _cكتاب | ||
| 999 |
_c45088 _d45088 |
||